Электротехника. Общий курс: [учебное пособие]

Detalhes bibliográficos
Outros Autores: Анвельт М. Ю. Мойя Юрьевич (редактор), Герасимов В. Г. Виктор Григорьевич, Зайдель Х. Э. Христина Эдуардовна, Коген-Далин В. В. Владимир Викторович, Лысов Н. Е. Николай Егорович, Морозов Д. Н. Дмитрий Николаевич, Нитусов Е. В., Пантюшин В. С. Василий Сергеевич
Idioma:russo
Publicado em: Москва, Госэнергоиздат, 1959
Assuntos:
Formato: Livro
KOHA link:https://koha.lib.tpu.ru/cgi-bin/koha/opac-detail.pl?biblionumber=309248

MARC

LEADER 00000nam0a2200000 4500
001 309248
005 20231102002154.0
035 |a (RuTPU)RU\TPU\book\334570 
035 |a RU\TPU\book\53841 
090 |a 309248 
100 |a 20030430d1959 m y0rusy50 ca 
101 0 |a rus 
102 |a RU 
105 |a a j 001zy 
200 1 |a Электротехника. Общий курс  |e [учебное пособие]  |f М. Ю. Анвельт [и др.]  |g под ред. В. С. Пантюшина 
210 |a Москва  |a Ленинград  |c Госэнергоиздат  |d 1959 
215 |a 632 с.  |c ил. 
320 |a Алф. указ.: с. 629-632. 
606 1 |a Электротехника общая  |2 stltpush  |3 (RuTPU)RU\TPU\subj\20906  |9 45967 
610 1 |a электрические цепи 
610 1 |a электрические приборы 
610 1 |a электрические машины 
610 1 |a электроприводы 
610 1 |a постоянный ток 
610 1 |a переменный ток 
610 1 |a однофазный синусоидальный ток 
610 1 |a линейные цепи 
610 1 |a трехфазные цепи 
610 1 |a переходные процессы 
610 1 |a магнитные цепи 
610 1 |a трансформаторы 
610 1 |a магнитные усилители 
610 1 |a электроизмерительные приборы 
610 1 |a машины постоянного тока 
610 1 |a асинхронные машины 
610 1 |a двигатели асинхронные 
610 1 |a синхронные двигатели 
610 1 |a малая мощность 
610 1 |a учебные пособия 
610 1 |a щелочные аккумуляторы 
675 |a 621.3(075.8)  |v 3 
701 1 |a Анвельт  |b М. Ю.  |g Мойя Юрьевич 
701 1 |a Герасимов  |b В. Г.  |g Виктор Григорьевич 
701 1 |a Зайдель  |b Х. Э.  |g Христина Эдуардовна 
701 1 |a Коген-Далин  |b В. В.  |g Владимир Викторович 
701 1 |a Лысов  |b Н. Е.  |g Николай Егорович 
701 1 |a Морозов  |b Д. Н.  |g Дмитрий Николаевич 
701 1 |a Нитусов  |b Е. В. 
702 1 |a Пантюшин  |b В. С.  |g Василий Сергеевич  |4 340 
801 1 |a RU  |b 63413507  |c 20151111 
801 2 |a RU  |b 63413507  |c 20151116  |g RCR 
942 |c BK